| 000 | 01059nam a2200301Ia 4500 | ||
|---|---|---|---|
| 001 | Para_228 | ||
| 003 | CHAP | ||
| 008 | 220125s1997 xx 000 0 und d | ||
| 010 | _a198961 | ||
| 040 | _cCHAP | ||
| 090 | _aPA TESIS 1193 | ||
| 100 |
_aCalyecac Cotero, Humberta Gloria _9164267 |
||
| 245 |
_aResiduos de insecticidas organofosforados en hortalizas importadas en tiendas de autoservicio de la ciudad de México / _c por Humberta Gloria Calyecac Cotero |
||
| 260 |
_aChapingo, Méx. : _b el autor |
||
| 300 | _a69 h. | ||
| 502 | _aTesis (Ing. Agr. Esp. en Parasitología Agrícola) -- UACh Departamento Parasitología Agrícola | ||
| 650 |
_aAlimentos _x contaminación por insecticidas _94207 |
||
| 650 |
_aInsecticidas _x residuos _958880 |
||
| 650 |
_aLegumbres _965680 |
||
| 710 |
_aI. UACh Departamento Parasitología Agrícola _9164264 |
||
| 901 | _aPA TESIS 1193 | ||
| 902 | _aM | ||
| 905 | _a0000001997 i 0000000000 00 | ||
| 910 | _a1997 | ||
| 942 | _cPARA | ||
| 942 |
_cPARA _d2 |
||
| 999 |
_c198961 _d198961 |
||